Nābīnā shahr men̲ āʼīnah / (Record no. 330393)
[ view plain ]
| 000 -LEADER | |
|---|---|
| fixed length control field | 00604cam a22001937a 4500 |
| 001 - CONTROL NUMBER | |
| control field | 4784056 |
| 003 - CONTROL NUMBER IDENTIFIER | |
| control field | NUST |
| 005 - DATE AND TIME OF LATEST TRANSACTION | |
| control field | 20170704170639.0 |
| 008 - FIXED-LENGTH DATA ELEMENTS--GENERAL INFORMATION | |
| fixed length control field | 891020s1983 pk 000 0 urd |
| 010 ## - LIBRARY OF CONGRESS CONTROL NUMBER | |
| LC control number | 86930922 |
| 020 ## - INTERNATIONAL STANDARD BOOK NUMBER | |
| International Standard Book Number | 9694962641 |
| 040 ## - CATALOGING SOURCE | |
| Original cataloging agency | DLC |
| Transcribing agency | DLC |
| Modifying agency | DLC |
| 050 00 - LIBRARY OF CONGRESS CALL NUMBER | |
| Classification number | MLCSA 89/02092 (P) |
| 082 ## - DEWEY DECIMAL CLASSIFICATION NUMBER | |
| Classification number | 891.4391 |
| Author Mark | FRA |
| 100 1# - MAIN ENTRY--PERSONAL NAME | |
| Personal name | Farāz, Aḥmad, |
| Dates associated with a name | 1931-2008. |
| 9 (RLIN) | 2174 |
| 245 10 - TITLE STATEMENT | |
| Title | Nābīnā shahr men̲ āʼīnah / |
| Statement of responsibility, etc. | Aḥmad Farāz. |
| 260 ## - PUBLICATION, DISTRIBUTION, ETC. | |
| Place of publication, distribution, etc. | Karāchī : |
| Name of publisher, distributor, etc. | ʻAẓīm Pablisharz, |
| Date of publication, distribution, etc. | 2010 |
| 300 ## - PHYSICAL DESCRIPTION | |
| Extent | 140 p. ; |
| Dimensions | 21 cm. |
| 500 ## - GENERAL NOTE | |
| General note | Poems |
| 546 ## - LANGUAGE NOTE | |
| Language note | In Urdu |
| 650 ## - SUBJECT ADDED ENTRY--TOPICAL TERM | |
| Topical term or geographic name entry element | Urdu Literature |
| 9 (RLIN) | 347 |
| 880 ## - ALTERNATE GRAPHIC REPRESENTATION | |
| Linkage | 100-01\(3\r |
| Title | احمد فراز |
| 880 ## - ALTERNATE GRAPHIC REPRESENTATION | |
| Linkage | 245-02\(3\r |
| Title | نابینا شہر میں آیٗنہ |
| c | احمد فراز |
| 880 ## - ALTERNATE GRAPHIC REPRESENTATION | |
| Linkage | 260-03\(3\r |
| Title | اسلام آباد: |
| b | دوست پبلی کیشنز، |
| c | 2010 |
| 906 ## - LOCAL DATA ELEMENT F, LDF (RLIN) | |
| a | 7 |
| b | cbc |
| c | orignew |
| d | u |
| e | ncip |
| f | 19 |
| g | y-gencatlg |
| 942 ## - ADDED ENTRY ELEMENTS (KOHA) | |
| Source of classification or shelving scheme | |
| Koha item type | Book |
| Withdrawn status | Lost status | Source of classification or shelving scheme | Damaged status | Not for loan | Collection code | Permanent Location | Current Location | Shelving location | Date acquired | Total Checkouts | Full call number | Barcode | Checked out | Date last seen | Date last checked out | Copy number | Price effective from | Koha item type |
|---|---|---|---|---|---|---|---|---|---|---|---|---|---|---|---|---|---|---|
| Central Library (CL) | Central Library (CL) | Fiction | 07/04/2017 | 3 | 891.4391 FRA | CL2640 | 03/09/2019 | 02/07/2019 | 02/07/2019 | 1 | 07/04/2017 | Book |
